[Event "ENCI Limburg-open A"]
[Site "Maastricht"]
[Date "2007.05.27"]
[Round "5"]
[White "Dunn, Alan"]
[Black "Ouwersloot, Hans"]
[Result "1-0"]
[WhiteElo "2164"]
[BlackElo "1949"]
[PlyCount "81"]
[EventDate "2007.05.25"]
[EventType "swiss"]
[EventRounds "7"]
[EventCountry "NED"]
[Source "P.Boonen"]
[SourceDate "2010.01.01"]

1. e4 Nf6 2. e5 Nd5 3. d4 d6 4. Nf3 g6 5. Bc4 Nb6 6. Bb3 Bg7 7. O-O O-O 8. exd6
cxd6 9. h3 Nc6 10. Re1 Na5 11. Nbd2 Bd7 12. Ne4 Nxb3 13. axb3 Bc6 14. c4 Bxe4
15. Rxe4 d5 16. Rh4 dxc4 17. bxc4 Nxc4 18. Bh6 Nd6 19. Bxg7 Kxg7 20. Qd2 Nf5
21. Rf4 e6 22. h4 a6 23. Re1 Rc8 24. h5 Qd6 25. g4 Ne7 26. h6+ Kg8 27. Ng5 Rc2
28. Rxe6 Rxd2 29. Rxd6 Rxb2 30. Rd7 Rb5 31. Nxf7 Rb1+ 32. Kg2 Re1 33. Rf3 b5
34. d5 b4 35. d6 Nc6 36. Ng5 Rxf3 37. Rg7+ Kf8 38. Kxf3 Nd4+ 39. Kg2 b3 40. d7
Nc6 41. Nxh7# 1-0

[Event "ENCI Limburg-open A"]
[Site "Maastricht"]
[Date "2007.05.27"]
[Round "5"]
[White "Fernandez, Daniel"]
[Black "Wilschut, Peter"]
[Result "0-1"]
[WhiteElo "1975"]
[BlackElo "2202"]
[PlyCount "86"]
[EventDate "2007.05.25"]
[EventType "swiss"]
[EventRounds "7"]
[EventCountry "NED"]
[Source "P.Boonen"]
[SourceDate "2010.01.01"]

1. e4 e6 2. d4 d5 3. Nc3 Bb4 4. e5 c5 5. a3 Ba5 6. b4 cxd4 7. Nb5 Bc7 8. Nf3
Ne7 9. Nbxd4 Ng6 10. Bb5+ Bd7 11. Qe2 a5 12. O-O axb4 13. Bg5 Qc8 14. axb4 Nc6
15. Bxc6 Bxc6 16. h4 Rxa1 17. Rxa1 Qb8 18. Re1 h5 19. c4 dxc4 20. Nxc6 bxc6 21.
Qxc4 O-O 22. Qc5 Rc8 23. g3 Bb6 24. Qc4 Qa7 25. Be3 Bxe3 26. Rxe3 Qb8 27. Rd3
Nxe5 28. Nxe5 Qxe5 29. Re3 Qd5 30. Qf4 Qd1+ 31. Kh2 Ra8 32. Qf3 Qxf3 33. Rxf3
Kf8 34. Rc3 Ra6 35. Kh3 Rb6 36. Rc4 Ke7 37. g4 hxg4+ 38. Rxg4 g6 39. Rc4 Kd6
40. Rf4 f5 41. h5 g5 42. Rc4 Rb8 43. Rd4+ Ke5 0-1

[Event "ENCI Limburg-open A"]
[Site "Maastricht"]
[Date "2007.05.27"]
[Round "5"]
[White "Gras, Guillaume"]
[Black "Simenon, Jozef"]
[Result "0-1"]
[WhiteElo "2072"]
[BlackElo "2173"]
[PlyCount "88"]
[EventDate "2007.05.25"]
[EventType "swiss"]
[EventRounds "7"]
[EventCountry "NED"]
[Source "P.Boonen"]
[SourceDate "2010.01.01"]

1. e4 c5 2. Nf3 g6 3. c3 Bg7 4. d4 cxd4 5. cxd4 d5 6. exd5 Nf6 7. Nc3 O-O 8.
Bc4 Nbd7 9. Ne5 Nb6 10. Bb3 Nfxd5 11. Qf3 Be6 12. O-O Rc8 13. Ne4 Nc7 14. Ng5
Bxb3 15. Qxb3 Qxd4 16. Nexf7 Qd5 17. Qh3 Rxf7 18. Qxh7+ Kf8 19. Qxg6 Qf5 20.
Qxf7+ Qxf7 21. Nxf7 Kxf7 22. Be3 Ncd5 23. Rac1 Rh8 24. Bxb6 Nxb6 25. g3 Bxb2
26. Rc7 Rb8 27. Re1 Ba3 28. Rd1 Kf6 29. Rc3 Bd6 30. Rf3+ Ke6 31. Re1+ Kd7 32.
h4 Nd5 33. g4 Rh8 34. Rh3 Nf4 35. Rh1 Ng6 36. h5 Ne5 37. Re4 Ke8 38. Kg2 Kf7
39. g5 Nd3 40. Rhh4 e5 41. Kf3 Be7 42. Reg4 Kg7 43. Ke3 Nf4 44. Ke4 Bd6 0-1

[Event "ENCI Limburg-open A"]
[Site "Maastricht"]
[Date "2007.05.27"]
[Round "5"]
[White "Hamblok, Roel"]
[Black "Ekat, Michael"]
[Result "0-1"]
[WhiteElo "1943"]
[BlackElo "2008"]
[PlyCount "83"]
[EventDate "2007.05.25"]
[EventType "swiss"]
[EventRounds "7"]
[EventCountry "NED"]
[Source "P.Boonen"]
[SourceDate "2010.01.01"]

1. d4 Nf6 2. Nf3 c5 3. g3 cxd4 4. Nxd4 Nc6 5. Bg2 e5 6. Nf3 d5 7. O-O Be7 8. c4
dxc4 9. Qc2 O-O 10. Rd1 Qc7 11. Qxc4 Be6 12. Qa4 Rfd8 13. Rxd8+ Rxd8 14. Nc3
Qb6 15. Ng5 Ng4 16. Nge4 Bc5 17. Nxc5 Qxc5 18. e3 b5 19. Qe4 Ne7 20. a3 f5 21.
Qc2 e4 22. b4 Qc6 23. Bb2 Bc4 24. Rd1 Rd3 25. h3 Ne5 26. Nxe4 Bb3 27. Qxb3+
Rxb3 28. Rd8+ Kf7 29. Ng5+ Kg6 30. Bxc6 N5xc6 31. Rd2 Kxg5 32. Bxg7 Kg6 33. Bh8
Rxa3 34. Rd6+ Kf7 35. Rd7 Ke6 36. Rb7 a6 37. g4 Rb3 38. gxf5+ Kxf5 39. Bd4 Rxb4
40. Kg2 Rc4 41. f3 Ke6 42. Ba7 0-1

[Event "ENCI Limburg-open A"]
[Site "Maastricht"]
[Date "2007.05.27"]
[Round "5"]
[White "Heinen, Igor"]
[Black "Hahn, Gerard"]
[Result "1/2-1/2"]
[WhiteElo "1921"]
[BlackElo "2005"]
[PlyCount "44"]
[EventDate "2007.05.25"]
[EventType "swiss"]
[EventRounds "7"]
[EventCountry "NED"]
[Source "P.Boonen"]
[SourceDate "2010.01.01"]

1. d4 Nf6 2. c4 e6 3. Nc3 Bb4 4. Nf3 O-O 5. Bg5 d5 6. e3 Nbd7 7. Bd3 c5 8. O-O
cxd4 9. exd4 dxc4 10. Bxc4 Nb6 11. Bd3 Be7 12. Ne5 h6 13. Bh4 Nbd5 14. Rc1 Bd7
15. Re1 Rc8 16. Bb1 Be8 17. a3 Nxc3 18. Rxc3 Rxc3 19. bxc3 Qa5 20. Qd3 Bb5 21.
Qc2 Ba4 22. Qd3 Bb5 1/2-1/2

[Event "ENCI Limburg-open A"]
[Site "Maastricht"]
[Date "2007.05.27"]
[Round "5"]
[White "In 't Veld, Daan"]
[Black "Soors, Stef"]
[Result "1/2-1/2"]
[WhiteElo "2204"]
[BlackElo "2061"]
[PlyCount "90"]
[EventDate "2007.05.25"]
[EventType "swiss"]
[EventRounds "7"]
[EventCountry "NED"]
[Source "P.Boonen"]
[SourceDate "2010.01.01"]

1. e4 e6 2. d4 d5 3. Nc3 Bb4 4. e5 c5 5. Bd2 Ne7 6. Nb5 Bxd2+ 7. Qxd2 O-O 8. f4
a6 9. Nd6 cxd4 10. Nf3 Nbc6 11. Bd3 f6 12. O-O fxe5 13. fxe5 Rxf3 14. Rxf3 Nxe5
15. Qf4 Nxf3+ 16. gxf3 Nf5 17. Bxf5 exf5 18. Qe5 Qg5+ 19. Kh1 Qe3 20. Qxd5+ Be6
21. Qxb7 Rd8 22. Qc6 Qf4 23. Re1 Qxd6 24. Rxe6 Qxc6 25. Rxc6 d3 26. cxd3 Rxd3
27. Rxa6 Rd1+ 28. Kg2 Rd2+ 29. Kg3 Rxb2 30. h4 Kf7 31. Kf4 g6 32. Ra7+ Kf6 33.
Ra6+ Kf7 34. a4 h6 35. Ra7+ Kf6 36. Ra6+ Kf7 37. h5 Rb4+ 38. Ke5 gxh5 39. Kxf5
h4 40. a5 Ra4 41. f4 h3 42. Rxh6 Rxa5+ 43. Kg4 Ra3 44. Rxh3 Rxh3 45. Kxh3 Kf6
1/2-1/2

[Event "ENCI Limburg-open A"]
[Site "Maastricht"]
[Date "2007.05.27"]
[Round "5"]
[White "Klein, Felix"]
[Black "Peek, Maurice"]
[Result "0-1"]
[WhiteElo "2207"]
[BlackElo "2365"]
[PlyCount "134"]
[EventDate "2007.05.25"]
[EventType "swiss"]
[EventRounds "7"]
[EventCountry "NED"]
[Source "P.Boonen"]
[SourceDate "2010.01.01"]

1. e4 d5 2. exd5 Nf6 3. d4 Nxd5 4. Be2 Bf5 5. Nf3 e6 6. O-O Bd6 7. c4 Nf4 8. c5
Nxe2+ 9. Qxe2 Be7 10. Qb5+ Nc6 11. Qxb7 Be4 12. Ne5 Qb8 13. Qxb8+ Rxb8 14. Nc3
Nxe5 15. Nxe4 Nc6 16. Rd1 Rb4 17. Be3 Rxb2 18. Rdb1 Rxb1+ 19. Rxb1 Kd7 20. Kf1
f5 21. Nd2 Bf6 22. Nf3 Rb8 23. Rxb8 Nxb8 24. Ke2 Kc6 25. Kd3 Kd5 26. Ng1 e5 27.
dxe5 Bxe5 28. Ne2 Nd7 29. Nc3+ Kc6 30. Nb1 a6 31. f4 Bf6 32. Kc4 Be7 33. Na3
Nxc5 34. Nc2 Ne6 35. g3 g6 36. Bf2 Nd8 37. Nd4+ Kd6 38. Nb3 Kc6 39. Nd4+ Kd7
40. Kd5 c6+ 41. Kc4 Nb7 42. Nb3 Nd6+ 43. Kd4 Ne4 44. Be1 Ke6 45. Na5 Bc5+ 46.
Kc4 Kd7 47. Nb3 Bg1 48. h3 h5 49. h4 Ke6 50. Nc1 c5 51. Nd3 Nd6+ 52. Kc3 Bd4+
53. Kc2 Kd5 54. Bc3 Ne4 55. Bxd4 Kxd4 56. Ne5 Nxg3 57. Nxg6 Ke4 58. Kd2 Kd4 59.
Ne7 Ne4+ 60. Kc2 Nd6 61. Ng6 c4 62. Kd2 Ne4+ 63. Kc2 Ke3 64. a3 c3 65. a4 a5
66. Kc1 Nc5 67. Ne7 Kd3 0-1

[Event "ENCI Limburg-open A"]
[Site "Maastricht"]
[Date "2007.05.27"]
[Round "5"]
[White "Konings, Frans"]
[Black "Wemmers, Xander"]
[Result "0-1"]
[WhiteElo "2246"]
[BlackElo "2415"]
[PlyCount "36"]
[EventDate "2007.05.25"]
[EventType "swiss"]
[EventRounds "7"]
[EventCountry "NED"]
[Source "P.Boonen"]
[SourceDate "2010.01.01"]

1. d4 d5 2. c4 Nc6 3. Nc3 Nf6 4. cxd5 Nxd5 5. e4 Nxc3 6. bxc3 e5 7. d5 Nb8 8.
Nf3 Bc5 9. Nxe5 Qe7 10. Qa4+ c6 11. dxc6 b5 12. Bxb5 Qxe5 13. c7+ Ke7 14.
cxb8=Q Rxb8 15. Bd3 Qxc3+ 16. Ke2 Rd8 17. Qc4 Rxd3 18. Qxd3 Rb2+ 0-1

[Event "ENCI Limburg-open A"]
[Site "Maastricht"]
[Date "2007.05.27"]
[Round "5"]
[White "Larmuseau, Michiel"]
[Black "Skrijelj, Redzep"]
[Result "0-1"]
[WhiteElo "1850"]
[BlackElo "2006"]
[PlyCount "82"]
[EventDate "2007.05.25"]
[EventType "swiss"]
[EventRounds "7"]
[EventCountry "NED"]
[Source "P.Boonen"]
[SourceDate "2010.01.01"]

1. e4 c5 2. Nc3 d6 3. f4 g6 4. Nf3 Bg7 5. Bc4 e6 6. d3 Ne7 7. O-O Nbc6 8. Qe1
O-O 9. Qh4 d5 10. Bb3 Nd4 11. Be3 Nxb3 12. axb3 d4 13. Bd2 dxc3 14. Bxc3 Nc6
15. Qh3 Nd4 16. Rf2 e5 17. f5 gxf5 18. Bxd4 fxe4 19. Qh5 exf3 20. Bxc5 Re8 21.
Rxf3 Be6 22. Rg3 Kh8 23. Ra4 Bf6 24. Bxa7 Rg8 25. Re3 Rxa7 26. Rxa7 Qd4 27. Qf3
Bg5 28. Kf1 Qxe3 29. Qxe3 Bxe3 30. Rxb7 Bd5 31. Rd7 Bxg2+ 32. Ke2 Bc1 33. Rxf7
Bxb2 34. Kd2 Bd5 35. Rf2 Bd4 36. Re2 Bf3 37. Re1 Rg2+ 38. Kc1 Rxh2 39. c4 h5
40. b4 Ra2 41. b5 Be2 0-1

[Event "ENCI Limburg-open A"]
[Site "Maastricht"]
[Date "2007.05.27"]
[Round "5"]
[White "Miesen, Fabian"]
[Black "Clevers, Egbert"]
[Result "1-0"]
[WhiteElo "2166"]
[BlackElo "1973"]
[PlyCount "69"]
[EventDate "2007.05.25"]
[EventType "swiss"]
[EventRounds "7"]
[EventCountry "NED"]
[Source "P.Boonen"]
[SourceDate "2010.01.01"]

1. d4 Nf6 2. Nf3 e6 3. e3 b6 4. Bd3 Bb7 5. Nbd2 c5 6. O-O Nc6 7. c3 h6 8. e4
cxd4 9. cxd4 g5 10. h3 d5 11. e5 Nd7 12. Nb3 a5 13. Be3 Nb4 14. Bb5 Rc8 15. a3
Nc2 16. Rc1 Nxe3 17. fxe3 Rxc1 18. Qxc1 Be7 19. Qc2 O-O 20. Rc1 Nb8 21. Qc7 Ba6
22. Bxa6 Nxa6 23. Qb7 g4 24. hxg4 Nb8 25. Rc7 Bg5 26. Kf2 a4 27. Nc1 b5 28. Nd3
Na6 29. Rc6 Nb8 30. Rc5 Nd7 31. Rc7 Nb8 32. Nc5 Qe8 33. Ke2 Kg7 34. Nxg5 hxg5
35. Re7 1-0

[Event "ENCI Limburg-open A"]
[Site "Maastricht"]
[Date "2007.05.27"]
[Round "5"]
[White "Nabuurs, Joep"]
[Black "Coenen, Bert"]
[Result "1-0"]
[WhiteElo "2157"]
[BlackElo "1879"]
[PlyCount "91"]
[EventDate "2007.05.25"]
[EventType "swiss"]
[EventRounds "7"]
[EventCountry "NED"]
[Source "P.Boonen"]
[SourceDate "2010.01.01"]

1. e4 e6 2. Nf3 d5 3. e5 c5 4. b4 cxb4 5. a3 Nc6 6. axb4 Bxb4 7. c3 Bf8 8. d4
Nge7 9. Bd3 Bd7 10. Na3 a6 11. O-O Na5 12. Ng5 g6 13. Qf3 Nf5 14. Nxf7 Kxf7 15.
g4 Bg7 16. gxf5 gxf5 17. Kh1 Qh4 18. Rg1 Bh6 19. Rg3 Bxc1 20. Rxc1 Rag8 21.
Rcg1 Rxg3 22. fxg3 Qg4 23. Qg2 h5 24. h3 Qg5 25. Nc2 Nc6 26. h4 Qh6 27. Qf2 Ke8
28. Rb1 Nd8 29. Ne3 Rf8 30. Ng2 Ke7 31. Nf4 Be8 32. Qb2 Kf7 33. Kh2 Kg7 34. Qa3
Kg8 35. Be2 Qh7 36. Qd6 Bf7 37. c4 dxc4 38. Bxc4 Re8 39. d5 exd5 40. Bxd5 Kh8
41. Qf6+ Kg8 42. e6 Bxe6 43. Nxe6 Qd7 44. Nf4+ Kh7 45. Qg6+ Kh8 46. Qh6+ 1-0

[Event "ENCI Limburg-open A"]
[Site "Maastricht"]
[Date "2007.05.27"]
[Round "5"]
[White "Nelissen, Andy"]
[Black "Mull, Thomas"]
[Result "1/2-1/2"]
[WhiteElo "1937"]
[BlackElo "2042"]
[PlyCount "43"]
[EventDate "2007.05.25"]
[EventType "swiss"]
[EventRounds "7"]
[EventCountry "NED"]
[Source "P.Boonen"]
[SourceDate "2010.01.01"]

1. d4 f5 2. Nc3 Nf6 3. Bg5 d5 4. Bxf6 exf6 5. e3 Be6 6. g3 Nd7 7. Bg2 c6 8.
Nge2 Bd6 9. Qd3 g6 10. h4 h5 11. Bh3 Qe7 12. Nb1 O-O-O 13. c3 Bf7 14. Nd2 Kb8
15. b4 Nb6 16. Bg2 Bc7 17. a4 Nc4 18. Nxc4 dxc4 19. Qc2 Bd5 20. Bxd5 cxd5 21.
Kd2 Rhe8 22. Kc1 1/2-1/2

[Event "ENCI Limburg-open A"]
[Site "Maastricht"]
[Date "2007.05.27"]
[Round "5"]
[White "Nijboer, Friso"]
[Black "Rogers, Ian"]
[Result "1/2-1/2"]
[WhiteElo "2606"]
[BlackElo "2513"]
[PlyCount "119"]
[EventDate "2007.05.25"]
[EventType "swiss"]
[EventRounds "7"]
[EventCountry "NED"]
[Source "P.Boonen"]
[SourceDate "2010.01.01"]

1. e4 e5 2. Nf3 Nc6 3. Bb5 a6 4. Ba4 Nf6 5. O-O Be7 6. Re1 b5 7. Bb3 d6 8. c3
O-O 9. h3 Na5 10. Bc2 c5 11. d4 Nd7 12. dxc5 dxc5 13. Nbd2 f6 14. Nf1 Nb6 15.
Qe2 Be6 16. Ne3 Qc7 17. Nf5 Rfd8 18. Nxe7+ Qxe7 19. b3 Rd7 20. Be3 Nbc4 21. Bc1
Nb6 22. Bd2 Rad8 23. Rad1 Nc6 24. Be3 Rxd1 25. Rxd1 Rxd1+ 26. Bxd1 Nd7 27. Nd2
Qd6 28. f3 Nd8 29. Bc2 Nf7 30. a4 Qc6 31. axb5 axb5 32. Qd1 Qa6 33. Nf1 Qa3 34.
Bf2 c4 35. bxc4 bxc4 36. Qd2 Nc5 37. Qe3 Nb3 38. Qb6 Qd6 39. Qb5 Qd7 40. Qb4
Qd6 41. Qa4 Qd7 42. Qa2 Nc1 43. Qa8+ Qd8 44. Qxd8+ Nxd8 45. Bb6 Nb7 46. Ng3 Nb3
47. Kf2 N7c5 48. Ke3 Na4 49. Ba5 Nxa5 50. Bxa4 Kf7 51. h4 g6 52. f4 Ke7 53. f5
Bf7 54. Nf1 gxf5 55. exf5 Nb7 56. g4 Nd6 57. Ng3 h6 58. Bc6 Nc8 59. Ne4 Nd6 60.
Ng3 1/2-1/2

[Event "ENCI Limburg-open A"]
[Site "Maastricht"]
[Date "2007.05.27"]
[Round "5"]
[White "Pastoor, Ernst Jan"]
[Black "Van den Bersselaar, Jeroen"]
[Result "0-1"]
[WhiteElo "1825"]
[BlackElo "1896"]
[PlyCount "111"]
[EventDate "2007.05.25"]
[EventType "swiss"]
[EventRounds "7"]
[EventCountry "NED"]
[Source "P.Boonen"]
[SourceDate "2010.01.01"]

1. d4 d5 2. g3 Nf6 3. Bg2 e6 4. Nf3 Be7 5. O-O O-O 6. Re1 c5 7. c3 Nc6 8. Bf4
Nh5 9. Qd2 b6 10. e4 dxe4 11. Rxe4 Bb7 12. Ne5 Nxe5 13. Rxe5 Bxg2 14. Rxh5 Bf3
15. Re5 Bf6 16. Re3 Bb7 17. dxc5 Qc8 18. Qe2 Qc6 19. f3 Qxc5 20. Kg2 Rfd8 21.
Nd2 g5 22. Nb3 Qf5 23. Be5 g4 24. Bxf6 gxf3+ 25. Rxf3 Qxf6 26. Raf1 Rd7 27. Kg1
Bxf3 28. Rxf3 Qg6 29. Rf4 Qb1+ 30. Kg2 Qd1 31. Qe3 Rad8 32. Nd4 Rd5 33. Rh4 Rh5
34. Re4 Rdd5 35. c4 Rd7 36. g4 Rc5 37. b4 Rcc7 38. Qg5+ Kf8 39. Qh6+ Ke8 40.
Qxh7 Qd2+ 41. Kf1 Qxb4 42. Nf5 Rd1+ 43. Kf2 Qb2+ 44. Re2 Qf6 45. Kg2 Rxc4 46.
Qh3 Rcc1 47. Qf3 Rg1+ 48. Kh3 Rc3 49. Re3 Qh8+ 50. Nh4 Rxe3 51. Qxe3 Rd1 52.
Qf3 Rd5 53. g5 Qd4 54. g6 fxg6 55. Nxg6 Qd3 56. Qg3 0-1

[Event "ENCI Limburg-open A"]
[Site "Maastricht"]
[Date "2007.05.27"]
[Round "5"]
[White "Pedersen, Lars Erik"]
[Black "Schotanus, Fred"]
[Result "1-0"]
[WhiteElo "2053"]
[BlackElo "1791"]
[PlyCount "92"]
[EventDate "2007.05.25"]
[EventType "swiss"]
[EventRounds "7"]
[EventCountry "NED"]
[Source "P.Boonen"]
[SourceDate "2010.01.01"]

1. e4 c6 2. c4 d5 3. cxd5 cxd5 4. exd5 Qxd5 5. Nc3 Qa5 6. Nf3 Nc6 7. d4 e6 8.
Bd3 Nf6 9. O-O Nb4 10. Bb1 Be7 11. Bg5 Bd7 12. Ne5 Nbd5 13. Qf3 Bc6 14. Ne4 Qd8
15. a3 O-O 16. Bxf6 Bxf6 17. Qh3 g6 18. Qg3 Bg7 19. Ng5 Be8 20. Ba2 Qb6 21.
Rfd1 Rd8 22. h4 Ne7 23. Nc4 Qa6 24. Qc7 Rd7 25. Qf4 Nd5 26. Qg3 Rd8 27. Ne4 Ba4
28. Rd2 Rd7 29. Nc5 Qc6 30. Na5 Qb5 31. b4 Bh6 32. Bc4 Qb6 33. Nxd7 Bxd7 34.
Rdd1 Bg7 35. Nb3 Rc8 36. Nc5 Qd8 37. b5 Be8 38. Nxb7 Qb6 39. Nc5 Qa5 40. Rd3
Bxb5 41. Bxb5 Qxb5 42. Rad1 Rb8 43. Rb3 a6 44. Qxb8+ Qxb8 45. Rxb8+ Bf8 46. Nd7
Kg7 1-0

[Event "ENCI Limburg-open A"]
[Site "Maastricht"]
[Date "2007.05.27"]
[Round "5"]
[White "Perrenet, Jacob"]
[Black "Geboers, Jimmy"]
[Result "1/2-1/2"]
[WhiteElo "2024"]
[BlackElo "1959"]
[PlyCount "131"]
[EventDate "2007.05.25"]
[EventType "swiss"]
[EventRounds "7"]
[EventCountry "NED"]
[Source "P.Boonen"]
[SourceDate "2010.01.01"]

1. Nc3 e6 2. e4 d5 3. Bd3 Nf6 4. e5 Nfd7 5. Nf3 c5 6. b3 Nc6 7. Qe2 g6 8. Bb2
Bg7 9. O-O O-O 10. Nd1 Qc7 11. Re1 d4 12. c3 Ndxe5 13. Be4 Nxf3+ 14. Bxf3 e5
15. Qb5 Qb6 16. Qf1 Be6 17. g3 a5 18. cxd4 cxd4 19. Ba3 Rfc8 20. Nb2 Nb4 21.
Na4 Qa7 22. Qg2 Nc2 23. Bxb7 Nxa3 24. Bxa8 Nc2 25. Bd5 Nxe1 26. Rxe1 Rc2 27.
Bxe6 fxe6 28. d3 Bh6 29. Qf3 Qf7 30. Qxf7+ Kxf7 31. Rxe5 Rd2 32. Nc5 Bf8 33.
Nxe6 Rxd3 34. Ng5+ Kf6 35. f4 Bb4 36. Ne4+ Kg7 37. Rd5 Rd1+ 38. Kf2 d3 39. Rd7+
Kf8 40. h4 d2 41. a3 Ra1 42. axb4 d1=Q 43. Rxd1 Rxd1 44. bxa5 Ra1 45. Ke3 Rxa5
46. Kd4 Ke7 47. b4 Ra1 48. b5 h5 49. Ke5 Rb1 50. Nc3 Rb3 51. Kd4 Ke6 52. Kc4
Rb2 53. Na4 Rb1 54. Nc5+ Kf5 55. Nb3 Kg4 56. b6 Re1 57. Nd4 Kxg3 58. f5 gxf5
59. Nxf5+ Kg4 60. Nd6 Rb1 61. b7 Rxb7 62. Nxb7 Kxh4 63. Kd3 Kg3 64. Ke2 Kg2 65.
Nc5 h4 66. Nd3 1/2-1/2

[Event "ENCI Limburg-open A"]
[Site "Maastricht"]
[Date "2007.05.27"]
[Round "5"]
[White "Polak, Indra"]
[Black "Larmuseau, Maarten"]
[Result "0-1"]
[WhiteElo "2226"]
[BlackElo "2020"]
[PlyCount "64"]
[EventDate "2007.05.25"]
[EventType "swiss"]
[EventRounds "7"]
[EventCountry "NED"]
[Source "P.Boonen"]
[SourceDate "2010.01.01"]

1. e4 d6 2. d4 Nf6 3. Nc3 g6 4. g3 Bg7 5. Bg2 O-O 6. Nge2 e5 7. h3 Qe7 8. O-O
Nbd7 9. Be3 c6 10. a4 a5 11. Qd2 Ne8 12. Bh6 f5 13. exf5 gxf5 14. Bxg7 Nxg7 15.
dxe5 dxe5 16. f4 e4 17. Rad1 Nf6 18. b3 Be6 19. Qd6 Kf7 20. Qd4 Rad8 21. Qb6
Qb4 22. Qc7+ Rd7 23. Rxd7+ Nxd7 24. Rd1 Ke7 25. Bxe4 fxe4 26. Rd4 Qb6 27. Qd6+
Ke8 28. Nxe4 Bd5 29. Qh6 Nf5 30. Nd6+ Nxd6 31. Qxd6 Rf6 32. Qa3 Re6 0-1

[Event "ENCI Limburg-open A"]
[Site "Maastricht"]
[Date "2007.05.27"]
[Round "5"]
[White "Ringoir, Tanguy"]
[Black "Nijs, Nils"]
[Result "0-1"]
[WhiteElo "2199"]
[BlackElo "1986"]
[PlyCount "138"]
[EventDate "2007.05.25"]
[EventType "swiss"]
[EventRounds "7"]
[EventCountry "NED"]
[Source "P.Boonen"]
[SourceDate "2010.01.01"]

1. e4 c5 2. Nc3 Nc6 3. f4 g6 4. Nf3 Bg7 5. g3 e6 6. Bg2 Nge7 7. d3 d6 8. O-O
Nd4 9. Be3 O-O 10. e5 Nef5 11. Bf2 Nxf3+ 12. Qxf3 Nd4 13. Qd1 dxe5 14. fxe5
Bxe5 15. Ne4 Nf5 16. c3 c4 17. dxc4 Qc7 18. Qe2 Bd7 19. Nc5 Bc6 20. Bxc6 bxc6
21. Nd7 Qxd7 22. Qxe5 f6 23. Rad1 Qe7 24. Qc5 Qxc5 25. Bxc5 Rfd8 26. Kf2 Kf7
27. Ke2 a6 28. Bb6 Rxd1 29. Rxd1 Rb8 30. c5 Ke7 31. b4 Nh6 32. Bc7 Rc8 33. Bd6+
Ke8 34. Kd2 Nf5 35. Ke2 Rd8 36. a4 e5 37. g4 Nxd6 38. cxd6 Kd7 39. c4 Rb8 40.
c5 Rxb4 41. Kd3 Rd4+ 42. Ke2 Rc4 43. Rb1 Rxc5 44. Rb7+ Kxd6 45. Rxh7 Rc4 46.
Kf3 Rxa4 47. h4 f5 48. gxf5 gxf5 49. h5 Ra3+ 50. Kg2 Ra4 51. Rh8 Ke6 52. h6 Kf7
53. Rc8 Kg6 54. Rxc6+ Kh7 55. Kf3 Ra3+ 56. Ke2 f4 57. Re6 Re3+ 58. Kd1 a5 59.
Ra6 a4 60. Kc2 a3 61. Kb1 f3 62. Rf6 e4 63. Ka2 Re2+ 64. Kxa3 f2 65. Kb4 e3 66.
Kc3 Re1 67. Kd3 f1=Q+ 68. Rxf1 Rxf1 69. Kxe3 Kxh6 0-1

[Event "ENCI Limburg-open A"]
[Site "Maastricht"]
[Date "2007.05.27"]
[Round "5"]
[White "Roufs, Gerard"]
[Black "Taverniers, Peter"]
[Result "1-0"]
[WhiteElo "1878"]
[BlackElo "1812"]
[PlyCount "59"]
[EventDate "2007.05.25"]
[EventType "swiss"]
[EventRounds "7"]
[EventCountry "NED"]
[Source "P.Boonen"]
[SourceDate "2010.01.01"]

1. e4 c6 2. d4 d5 3. Nc3 dxe4 4. Nxe4 Bf5 5. Ng3 Bg6 6. h4 h6 7. Nf3 Nd7 8. h5
Bh7 9. Bd3 Bxd3 10. Qxd3 Ngf6 11. Bd2 e6 12. O-O-O c5 13. dxc5 Bxc5 14. Ne4 O-O
15. Nxc5 Nxc5 16. Qe2 Qc7 17. Bc3 Nd5 18. Be5 Qa5 19. Kb1 Rac8 20. a3 Na4 21.
c4 Qa6 22. Rc1 Ne7 23. g4 Rc6 24. g5 Rfc8 25. gxh6 Rxc4 26. Rxc4 Rxc4 27. Qd2
Nd5 28. Qg5 Nac3+ 29. Ka1 g6 30. h7+ 1-0

[Event "ENCI Limburg-open A"]
[Site "Maastricht"]
[Date "2007.05.27"]
[Round "5"]
[White "Saligo, Luc"]
[Black "Miedema, Roi"]
[Result "1-0"]
[WhiteElo "2135"]
[BlackElo "2248"]
[PlyCount "134"]
[EventDate "2007.05.25"]
[EventType "swiss"]
[EventRounds "7"]
[EventCountry "NED"]
[Source "P.Boonen"]
[SourceDate "2010.01.01"]

1. d4 e6 2. Bf4 c5 3. e3 Nf6 4. c3 cxd4 5. exd4 Be7 6. Nd2 O-O 7. Bd3 d6 8. Qe2
a6 9. h3 b6 10. Ngf3 Nbd7 11. O-O Bb7 12. Rfe1 Re8 13. Nc4 Qc7 14. a4 Qc6 15.
Qf1 Kh8 16. Ne3 h6 17. Bc2 Qc7 18. Qe2 Rg8 19. Bh2 g5 20. Nd2 Bf8 21. Ng4 Qc6
22. f3 Nxg4 23. hxg4 Nf6 24. Qd3 Rg7 25. Ne4 Nd5 26. Nf2 Rc8 27. Re2 Ne7 28.
Ne4 Nd5 29. Nf2 b5 30. axb5 axb5 31. Qd2 Be7 32. Be4 Qb6 33. Nd3 Rgg8 34. Kh1
Kg7 35. Nf2 Rh8 36. Bxd5 Bxd5 37. Ne4 Bxe4 38. Rxe4 h5 39. gxh5 Rxh5 40. g4 Rh3
41. Kg2 Rch8 42. Bg3 d5 43. Be5+ f6 44. Qxg5+ Kf7 45. Rf4 Rh2+ 46. Kg1 R2h6 47.
Ra8 Rg6 48. Bxf6 Rxg5 49. Bxg5+ Kg6 50. Rxh8 Bxg5 51. Rff8 Bf6 52. Rhg8+ Kh7
53. g5 Bg7 54. Rb8 Qa7 55. Kg2 Qf7 56. Rge8 Qg6 57. f4 Qc2+ 58. Kg3 Qxb2 59.
Rbc8 Qe2 60. Rc6 Qe3+ 61. Kg4 Qg1+ 62. Kf3 e5 63. dxe5 d4 64. cxd4 Qh1+ 65. Kg4
Qxc6 66. Re7 Qe4 67. Rd7 b4 1-0

[Event "ENCI Limburg-open A"]
[Site "Maastricht"]
[Date "2007.05.27"]
[Round "5"]
[White "Saligo, Pieter"]
[Black "Sprangers, Remco"]
[Result "0-1"]
[WhiteElo "1807"]
[BlackElo "2207"]
[PlyCount "60"]
[EventDate "2007.05.25"]
[EventType "swiss"]
[EventRounds "7"]
[EventCountry "NED"]
[Source "P.Boonen"]
[SourceDate "2010.01.01"]

1. d4 d5 2. e4 dxe4 3. Nc3 e5 4. dxe5 Qxd1+ 5. Nxd1 Nc6 6. Bb5 Bd7 7. Bxc6 Bxc6
8. Bg5 Be7 9. Bxe7 Nxe7 10. Ne3 Ng6 11. O-O-O Nxe5 12. Ne2 O-O 13. Nc3 f5 14.
h3 Rf7 15. Rd4 g6 16. Rhd1 Kg7 17. Ned5 g5 18. Nb4 Re8 19. Nxc6 Nxc6 20. Rd7
Ree7 21. Rxe7 Rxe7 22. Nd5 Rf7 23. Nc3 Ne5 24. Rd5 Ng6 25. g3 h6 26. Rd8 c6 27.
Na4 f4 28. Nc5 e3 29. gxf4 exf2 30. Rd1 Nxf4 0-1

[Event "ENCI Limburg-open A"]
[Site "Maastricht"]
[Date "2007.05.27"]
[Round "5"]
[White "Snoeck, Rene"]
[Black "Luch, Michael"]
[Result "0-1"]
[WhiteElo "1897"]
[BlackElo "2336"]
[PlyCount "81"]
[EventDate "2007.05.25"]
[EventType "swiss"]
[EventRounds "7"]
[EventCountry "NED"]
[Source "P.Boonen"]
[SourceDate "2010.01.01"]

1. d4 Nf6 2. Nf3 g6 3. g3 Bg7 4. Bg2 O-O 5. O-O d5 6. Nbd2 Ne4 7. c3 Nxd2 8.
Nxd2 c6 9. e4 dxe4 10. Nxe4 Na6 11. Be3 Be6 12. Qd2 Re8 13. f3 Qd7 14. Nf2 Rad8
15. Rfd1 c5 16. dxc5 Qxd2 17. Rxd2 Rxd2 18. Bxd2 Nxc5 19. Be3 Na4 20. Bxa7 Nxb2
21. Bd4 Na4 22. Ne4 Rc8 23. f4 Nxc3 24. Bxg7 Kxg7 25. Nxc3 Rxc3 26. Bxb7 Ra3
27. Re1 Rxa2 28. Bf3 Kf6 29. Re2 Ra1+ 30. Kf2 g5 31. Be4 h6 32. h4 Ra4 33.
hxg5+ hxg5 34. Ke3 Bg4 35. Rd2 Ra3+ 36. Kf2 e6 37. Rd3 Ra2+ 38. Ke3 gxf4+ 39.
gxf4 Bf5 40. Bxf5 Kxf5 41. Rd7 0-1

[Event "ENCI Limburg-open A"]
[Site "Maastricht"]
[Date "2007.05.27"]
[Round "5"]
[White "Spronkmans, Stefan"]
[Black "Kamps, Jacques"]
[Result "1-0"]
[WhiteElo "1965"]
[BlackElo "2102"]
[PlyCount "59"]
[EventDate "2007.05.25"]
[EventType "swiss"]
[EventRounds "7"]
[EventCountry "NED"]
[Source "P.Boonen"]
[SourceDate "2010.01.01"]

1. Nc3 d5 2. e4 dxe4 3. Nxe4 Qd5 4. Nc3 Qa5 5. Bc4 Nf6 6. d3 Nc6 7. Nge2 a6 8.
O-O Qf5 9. Ng3 Qd7 10. Nge4 e6 11. Re1 Nxe4 12. Nxe4 b5 13. Bb3 h5 14. c3 Na5
15. Bc2 Bb7 16. b4 Nc6 17. a4 O-O-O 18. axb5 axb5 19. Qe2 e5 20. Be3 h4 21. h3
f5 22. Nc5 Bxc5 23. Bxc5 g5 24. d4 exd4 25. cxd4 Rh6 26. Qf3 Kb8 27. Bxf5 Nxd4
28. Ba7+ Ka8 29. Bxd4+ Kb8 30. Qxb7+ 1-0